000 00825nam a2200289Ia 4500
008 170203s9999 xx 000 0 und d
020 _a818837072x
050 _a0 30
050 _bL163h
100 _aLafferty, Peter.
245 _aHow things are made /
245 _cwritten by Peter Lafferty ; illustrated by Jeremy Gower and Mainline Design.
260 _aNew Delhi :
260 _bYoung Learner Publication.
300 _a32 pages :
300 _billustrations (some color) ;
300 _c29 cm.
300 _e1 CD-ROM.
440 _aKnowledge masters.
500 _aIncludes index; Internet linked--cover,
650 _aManufactures --
650 _aManufactures.
650 _aTechnology --
650 _aTechnology.
650 _xJuvenile literature.
650 _xJuvenile literature.
999 _c305740
_d305740